Courts tighten up the protocol covering construction disputes (Record no. 78474)

MARC details
000 -LEADER
fixed length control field 01138cab a2200217 4500
001 - CONTROL NUMBER
control field L136855
008 - FIXED-LENGTH DATA ELEMENTS--GENERAL INFORMATION
fixed length control field 070227n2007 000 0 eng u
035 ## - SYSTEM CONTROL NUMBER
System control number (Sirsi) u136855
041 0# - LANGUAGE CODE
Language code of text/sound track or separate title eng
100 1# - MAIN ENTRY--PERSONAL NAME
Personal name Dodsworth, Catriona
245 ## - TITLE STATEMENT
Title Courts tighten up the protocol covering construction disputes
260 ## - PUBLICATION, DISTRIBUTION, ETC.
Date of publication, distribution, etc. 2007
490 #0 - SERIES STATEMENT
Series statement Construction News
Volume/sequential designation (7005) 15 February 2007, 31(1)
520 ## - SUMMARY, ETC.
Summary, etc. Outlines key changes to the updated "Pre-action protocol for construction and engineering disputes" (J109141), due to come into force on 6 April 2007. These include tightening up timescales, the introduction of a paragraph on proportionality, and the inclusion of the express statement that parties cannot be compelled to take part in alternative dispute resolution procedures. Also provides the background to the original protocol and its general procedure.
590 ## - LOCAL NOTE (RLIN)
Local note KA
650 24 - SUBJECT ADDED ENTRY--TOPICAL TERM
Topical term or geographic name entry element MCGLINN V WALTHAM CONTRACTORS AND OTHERS
650 24 - SUBJECT ADDED ENTRY--TOPICAL TERM
Topical term or geographic name entry element PRE-ACTION PROTOCOL FOR THE CONSTRUCTION AND ENGINEERING DISPUTES
690 ## - LOCAL SUBJECT ADDED ENTRY--TOPICAL TERM (OCLC, RLIN)
Topical term or geographic name as entry element BUILT ENVIRONMENT
690 ## - LOCAL SUBJECT ADDED ENTRY--TOPICAL TERM (OCLC, RLIN)
Topical term or geographic name as entry element MANAGEMENT-DISPUTE AVOIDANCE, MANAGEMENT AND RESOLUTION
942 ## - ADDED ENTRY ELEMENTS (KOHA)
Suppress in OPAC 0
Holdings
Withdrawn status Lost status Source of classification or shelving scheme Damaged status Not for loan Home library Current library Shelving location Date acquired Total Checkouts Full call number Barcode Date last seen Copy number Price effective from Koha item type
    Dewey Decimal Classification     London London Journal article 27/02/2007   L136855 136855-1001 06/08/2019 1 06/08/2019 Journal article